MARC details
| 000 -CABECERA |
| campo de control de longitud fija |
01605nam a2200265 a 4500 |
| 001 - NÚMERO DE CONTROL |
| campo de control |
000000591 |
| 003 - IDENTIFICADOR DEL NÚMERO DE CONTROL |
| campo de control |
OSt |
| 005 - FECHA Y HORA DE LA ÚLTIMA TRANSACCIÓN |
| campo de control |
20220405104953.0 |
| 008 - DATOS DE LONGITUD FIJA--INFORMACIÓN GENERAL |
| campo de control de longitud fija |
081209e19922007dr ac 000 0 spa d |
| 040 ## - FUENTE DE LA CATALOGACIÓN |
| Centro catalogador/agencia de origen |
DO-SdBNP |
| Lengua de catalogación |
spa |
| Centro/agencia transcriptor |
BNPHU |
| 082 ## - NÚMERO DE LA CLASIFICACIÓN DECIMAL DEWEY |
| Número de clasificación |
305.4092 |
| Número de documento/Ítem |
C397y, 1992 |
| 110 1# - ENTRADA PRINCIPAL--NOMBRE DE ENTIDAD CORPORATIVA |
| Nombre de entidad corporativa o nombre de jurisdicción como elemento de entrada |
CIPAF (Organización) |
| 9 (RLIN) |
1929 |
| 245 10 - MENCIÓN DE TÍTULO |
| Título |
Yo también soy de América : |
| Resto del título |
historias y mujeres de América hispana. |
| 250 ## - MENCIÓN DE EDICIÓN |
| Mención de edición |
3a ed. |
| 260 ## - PUBLICACIÓN, DISTRIBUCIÓN, ETC. |
| Lugar de publicación, distribución, etc. |
Santo Domingo : |
| Nombre del editor, distribuidor, etc. |
SEEBAC : CIPAF, |
| Fecha de publicación, distribución, etc. |
1992. |
| 300 ## - DESCRIPCIÓN FÍSICA |
| Extensión |
108 p. : |
| Otras características físicas |
il., retr. ; |
| Dimensiones |
24 cm. |
| 490 1# - MENCIÓN DE SERIE |
| Mención de serie |
Educación No Sexista |
| 505 0# - NOTA DE CONTENIDO CON FORMATO |
| Título |
Presentación -- |
| -- |
¿Quién también es América -- |
| -- |
La mujer en la América antigua -- |
| -- |
La mujer azteca -- Un día en el tianguis -- |
| -- |
Isabel quería una nación unida y obtuvo un nuevo mundo para España -- |
| -- |
La mujer en la conquista y colonización española -- |
| -- |
Bajo el poder de los españoles -- |
| -- |
Anacaona -- |
| -- |
Y vinieron a poblar a América -- |
| -- |
Yolanda Gutiérrez -- |
| -- |
Iguales en la esclavitud -- |
| -- |
Toña Reina no tiene carimbo -- |
| -- |
La independencia en Hispanoamérica -- |
| -- |
Las heroínas olvidadas de la independencia -- |
| -- |
Policarpa Salavarrieta -- |
| -- |
Las mujeres de América hispana luchan por sus derechos -- |
| -- |
Qué es la democracia -- |
| -- |
Juana Inés de la Cruz -- |
| -- |
Ana Bentacourt de Mora -- |
| -- |
Cecilia Grierson -- |
| -- |
Las trabajadoras textiles mexicanas -- |
| -- |
El feminismo en América hispana. |
| 590 ## - NOTA LOCAL (RLIN) |
| Nota local |
Inventariado, 2018/VM |
| 650 #4 - PUNTO DE ACCESO ADICIONAL DE MATERIA--TÉRMINO DE MATERIA |
| Término de materia o nombre geográfico como elemento de entrada |
Mujeres |
| Subdivisión general |
Historia |
| 9 (RLIN) |
1930 |
| 650 #4 - PUNTO DE ACCESO ADICIONAL DE MATERIA--TÉRMINO DE MATERIA |
| Término de materia o nombre geográfico como elemento de entrada |
Mujeres en américa latina |
| 9 (RLIN) |
1931 |
| 650 #4 - PUNTO DE ACCESO ADICIONAL DE MATERIA--TÉRMINO DE MATERIA |
| Término de materia o nombre geográfico como elemento de entrada |
Mujeres |
| Subdivisión general |
Condiciones sociales |
| -- |
América latina |
| 9 (RLIN) |
1932 |
| 830 #0 - PUNTO DE ACCESO ADICIONAL DE SERIE-TÍTULO UNIFORME |
| Título uniforme |
Educación No Sexista |
| 9 (RLIN) |
1933 |
| 942 ## - ELEMENTOS DE PUNTO DE ACCESO ADICIONAL (KOHA) |
| Fuente del sistema de clasificación o colocación |
Dewey Decimal Classification |
| Tipo de ítem Koha |
Libros y folletos |